Contemporary Indian Architecture : After The Masters (Record no. 8578)

MARC details
000 -LEADER
fixed length control field 00457nam a2200169Ia 4500
008 - FIXED-LENGTH DATA ELEMENTS--GENERAL INFORMATION
fixed length control field 220803s9999 xx 000 0 und d
020 ## - INTERNATIONAL STANDARD BOOK NUMBER
International Standard Book Number 0-94-414219-2
041 ## - LANGUAGE CODE
Language code of text/sound track or separate title eng
082 ## - DEWEY DECIMAL CLASSIFICATION NUMBER
Classification number 720.9 BHA/SCR
100 ## - MAIN ENTRY--PERSONAL NAME
Personal name Bhatt V
9 (RLIN) 9700
245 ## - TITLE STATEMENT
Title Contemporary Indian Architecture : After The Masters
260 ## - PUBLICATION, DISTRIBUTION, ETC. (IMPRINT)
Place of publication, distribution, etc. Ahmedabad
Name of publisher, distributor, etc. Mapin Pub.
Date of publication, distribution, etc. 1990
300 ## - PHYSICAL DESCRIPTION
Extent 221p
500 ## - GENERAL NOTE
Keywords Architecture
650 ## - SUBJECT ADDED ENTRY--TOPICAL TERM
Topical term or geographic name as entry element History Of Architecture
9 (RLIN) 9701
700 ## - ADDED ENTRY--PERSONAL NAME
Personal name Scriver P
9 (RLIN) 9702
Holdings
Withdrawn status Lost status Damaged status Not for loan Collection code Home library Current library Shelving location Date acquired Vendor Cost, normal purchase price Total Checkouts Full call number Barcode Date last seen Date last checked out Cost, replacement price Bill Date Koha item type Original Barcode
        Book of B Arch Dr. Bhanuben Nanavati College of Architecture Dr. Bhanuben Nanavati College of Architecture   30/12/1994 Veena Book Centre 1360.00 1 720.9 BHA/SCR BNCA-BK-146 06/02/2025 31/01/2025 1600.00 30/12/1994 Books B000146